| 000 | 00000nam##2200000za#4500 |
| 001 | 9.578300 |
| 003 | CaOODSP |
| 005 | 20210624190025 |
| 007 | cr ||||||||||| |
| 008 | 150406|1986||||xxc|||||o f|0| 0 eng|d |
| 022 | |a1488-5379 |
| 040 | |aCaOODSP|beng |
| 043 | |an-cn--- |
| 086 | 1 |aFs97-6/1457E-PDF |
| 110 | 1 |aCanada. |bDepartment of Fisheries and Oceans. |
| 245 | 14|aThe truss - A geometric and statistical approach to the analysis of form in fishes / |h[electronic resource]|cby J.M. McGlade and E.G. Boulding. |
| 260 | |aSt. John's - Newfoundland and Labrador : |bFisheries and Oceans Canada |c1986. |
| 300 | |a74p.|bfigs., references, tables |
| 490 | 1 |aCanadian technical report of fisheries and aquatic sciences|x1488-5379|vNo. 1457 |
| 500 | |aOn t. p.: Bedford Institute of Oceanography, Dartmouth, Nova Scotia. The catalogue number and ISSN for the print edition appear in the PDF version. |
| 546 | |a(Résumé en français) |
| 590 | |a14-10-Supp|b2014-05-08 |
| 720 | 1 |aMcGlade, J. M. |
| 720 | 1 |aBoulding, E. G. |
| 830 | #0|aCanadian technical report of fisheries and aquatic sciences,|x1488-5379|vNo. 1457|w(CaOODSP)9.504449 |
| 856 | 40|ahttp://publications.gc.ca|qPDF|s3638 KB|uhttps://publications.gc.ca/collections/collection_2014/mpo-dfo/Fs97-6-1457-eng.pdf|yNo. 1457 |